[Event "Muensterland Regionalliga Gr2 2223"]
[Site "Germany"]
[Date "2022.11.05"]
[Round "3.6"]
[White "Reinhold, Klaus"]
[Black "Broemmel, Rudolf"]
[Result "1/2-1/2"]
[WhiteElo "1812"]
[BlackElo "1926"]
[PlyCount "49"]
[EventDate "2022.09.03"]
[EventType "team-tourn"]
[EventRounds "5"]
[EventCountry "GER"]
[SourceTitle "EXT 2024"]
[Source "ChessBase"]
[SourceDate "2023.10.10"]
[SourceVersion "1"]
[SourceVersionDate "2023.10.10"]
[SourceQuality "1"]
[WhiteTeam "Gronau"]
[BlackTeam "Raesfeld Erle"]
[WhiteTeamCountry "GER"]
[BlackTeamCountry "GER"]

1. d4 Nc6 2. Nf3 d5 3. Bf4 e6 4. e3 Bd6 5. Bg3 Nge7 6. c4 a6 7. c5 Bxg3 8. hxg3 Ng6 9. Bd3 Nce7 10. Nc3 c6 11. Qc2 f5 12. g4 0-0 13. gxf5 exf5 14. 0-0-0 Rf6 15. Rh5 Nf8 16. Ne5 g6 17. Rh2 Kg7 18. f4 Ng8 19. Qf2 Re6 20. Rdh1 Re8 21. Rh4 Nf6 22. Qg3 Ng4 23. Be2 h5 24. Bxg4 fxg4 25. Qh2 1/2-1/2

[Event "Muensterland Verbandsklasse 1920"]
[Site "Germany"]
[Date "2019.12.07"]
[Round "4.4"]
[White "Reinhold, Klaus"]
[Black "Schmidt, Frank"]
[Result "1-0"]
[WhiteElo "1823"]
[BlackElo "1558"]
[PlyCount "51"]
[EventDate "2019.09.14"]
[EventType "team-tourn"]
[EventRounds "7"]
[EventCountry "GER"]
[SourceTitle "EXT 2023"]
[Source "ChessBase"]
[SourceDate "2022.10.05"]
[SourceVersion "1"]
[SourceVersionDate "2022.10.05"]
[SourceQuality "1"]
[WhiteTeam "Gronau II"]
[BlackTeam "Emsdetten Rochade III"]
[WhiteTeamCountry "GER"]
[BlackTeamCountry "GER"]

1. d4 Nf6 2. c4 e6 3. Nf3 d5 4. Nc3 Be7 5. Bf4 c6 6. e3 0-0 7. Bd3 dxc4 8. Bxc4 Nd5 9. Bg3 Bb4 10. Rc1 Qa5 11. Qb3 Nd7 12. 0-0 Bxc3 13. bxc3 N7f6 14. Bd3 Ne7 15. c4 Nf5 16. Be5 Nd7 17. Bxf5 Nxe5 18. Bxh7+ Kxh7 19. Nxe5 g6 20. c5 Qc7 21. Qc2 Qe7 22. Rb1 Rg8 23. Rb3 f6 24. Nc4 Qc7 25. Rfb1 Rg7 26. Nd6 1-0

[Event "Muensterland Verbandsklasse 1819"]
[Site "Germany"]
[Date "2019.03.09"]
[Round "7.5"]
[White "Gaebler, Marcel"]
[Black "Reinhold, Klaus"]
[Result "0-1"]
[WhiteElo "1589"]
[BlackElo "1816"]
[PlyCount "46"]
[EventDate "2018.09.15"]
[EventType "team-tourn"]
[EventRounds "9"]
[EventCountry "GER"]
[SourceTitle "EXT 2020"]
[Source "ChessBase"]
[SourceDate "2019.10.17"]
[SourceVersion "1"]
[SourceVersionDate "2019.10.17"]
[SourceQuality "1"]
[WhiteTeam "Beelen II"]
[BlackTeam "Gronau II"]
[WhiteTeamCountry "GER"]
[BlackTeamCountry "GER"]

1. d4 d5 2. c4 c6 3. Nc3 Nf6 4. e3 e6 5. Nf3 Nbd7 6. Bd2 Bd6 7. c5 Bc7 8. Bd3 0-0 9. 0-0 e5 10. dxe5 Nxe5 11. Nxe5 Bxe5 12. f4 Bc7 13. h3 Re8 14. Qc2 Qe7 15. Ne2 Ne4 16. Bxe4 Qxe4 17. Qxe4 Rxe4 18. Nd4 Bd7 19. Rac1 Bd8 20. Rf3 Bf6 21. Bc3 Rae8 22. Re1 Bxd4 23. Bxd4 Rxd4 0-1

[Event "Muensterland Verbandsklasse 1819"]
[Site "Germany"]
[Date "2018.12.08"]
[Round "4.3"]
[White "Reinhold, Klaus"]
[Black "Fischer, Andreas3333"]
[Result "1/2-1/2"]
[WhiteElo "1816"]
[BlackElo "1917"]
[PlyCount "82"]
[EventDate "2018.09.15"]
[EventType "team-tourn"]
[EventRounds "9"]
[EventCountry "GER"]
[SourceTitle "EXT 2020"]
[Source "ChessBase"]
[SourceDate "2019.10.17"]
[SourceVersion "1"]
[SourceVersionDate "2019.10.17"]
[SourceQuality "1"]
[WhiteTeam "Gronau II"]
[BlackTeam "Saerbeck"]
[WhiteTeamCountry "GER"]
[BlackTeamCountry "GER"]

1. d4 d5 2. c4 e6 3. Nf3 f5 4. g3 Nf6 5. Bg2 c6 6. Qc2 Be7 7. 0-0 0-0 8. b3 Ne4 9. Bb2 Nd7 10. Nbd2 Ndf6 11. Ne5 Nxd2 12. Qxd2 Bd7 13. c5 Be8 14. b4 Nd7 15. Nd3 Bf6 16. a4 Qc7 17. Qf4 Qxf4 18. gxf4 Bh5 19. Rfe1 g5 20. e3 h6 21. b5 Rfc8 22. Ne5 Nxe5 23. fxe5 Bd8 24. Rec1 Be2 25. Bf1 Bxf1 26. Kxf1 a6 27. bxc6 bxc6 28. Bc3 Rab8 29. Rab1 Kf7 30. Ke2 Bc7 31. f3 Kg6 32. Be1 Rxb1 33. Rxb1 Rb8 34. Rxb8 Bxb8 35. Ba5 h5 36. Bd8 g4 37. Kf2 Kf7 38. Kg3 Ke8 39. Bb6 Kf7 40. f4 Kg6 41. Bd8 Kf7 1/2-1/2

[Event "Muensterland Regionalliga 1718"]
[Site "Germany"]
[Date "2017.12.02"]
[Round "4.7"]
[White "Reinhold, Klaus"]
[Black "Hanewinkel, Martin"]
[Result "0-1"]
[WhiteElo "1820"]
[BlackElo "1864"]
[PlyCount "74"]
[EventDate "2017.09.02"]
[EventType "team-tourn"]
[EventRounds "9"]
[EventCountry "GER"]
[SourceTitle "EXT 2019"]
[Source "ChessBase"]
[SourceDate "2018.10.10"]
[SourceVersion "1"]
[SourceVersionDate "2018.10.10"]
[SourceQuality "1"]
[WhiteTeam "Gronau"]
[BlackTeam "Beelen"]
[WhiteTeamCountry "GER"]
[BlackTeamCountry "GER"]

1. d4 Nf6 2. c4 c5 3. d5 e6 4. Nc3 exd5 5. cxd5 d6 6. Nf3 g6 7. Bf4 a6 8. a4 Nh5 9. Bg5 Qc7 10. e4 Bg7 11. Be2 h6 12. Be3 0-0 13. Nd2 Nf6 14. Nc4 Nbd7 15. Bf4 Ne8 16. Qd2 Kh7 17. a5 b5 18. axb6 Nxb6 19. Na5 f5 20. exf5 Bxf5 21. 0-0 Nf6 22. f3 Rfe8 23. Bg3 g5 24. Bd3 Bxd3 25. Qxd3+ Kh8 26. Rfe1 c4 27. Rxe8+ Rxe8 28. Qg6 Nbxd5 29. Ne4 Qb6+ 30. Bf2 Qxb2 31. Rf1 Qc2 32. Nc6 Qd3 33. Nd4 Nf4 34. Qf7 Ne2+ 35. Nxe2 Rf8 36. Qe7 Qxe2 37. Qxd6 Nxe4 0-1

[Event "Schleswig Holstein-ch Seniors op 11th"]
[Site "Buesum"]
[Date "2017.09.13"]
[Round "6"]
[White "Zechel, Rolf Ruediger"]
[Black "Reinhold, Klaus"]
[Result "1/2-1/2"]
[WhiteElo "1694"]
[BlackElo "2008"]
[PlyCount "86"]
[EventDate "2017.09.08"]
[EventType "swiss"]
[EventRounds "9"]
[EventCountry "GER"]
[SourceTitle "EXT 2019"]
[Source "ChessBase"]
[SourceDate "2018.10.10"]
[SourceVersion "1"]
[SourceVersionDate "2018.10.10"]
[SourceQuality "1"]

1. d4 d5 2. Bf4 Nf6 3. e3 Bf5 4. Nf3 e6 5. Be2 Be7 6. h3 h6 7. 0-0 0-0 8. c4 dxc4 9. Bxc4 c5 10. Nc3 Nc6 11. d5 exd5 12. Nxd5 Nxd5 13. Bxd5 Qb6 14. Qb3 Qxb3 15. Bxb3 Bd3 16. Rfc1 Rfd8 17. Ne5 Nxe5 18. Bxe5 b5 19. Bc2 Bxc2 20. Rxc2 Rd5 21. Bg3 Rad8 22. b3 Rd1+ 23. Rxd1 Rxd1+ 24. Kh2 Kf8 25. Bb8 Rd7 26. Be5 f6 27. Bb8 Kf7 28. e4 Rb7 29. Bf4 a6 30. Be3 Rc7 31. f4 c4 32. g3 cxb3 33. Rxc7 b2 34. Rc1 bxc1Q 35. Bxc1 b4 36. Kg2 a5 37. Kf2 Bc5+ 38. Ke2 Ke6 39. Kd3 Bf2 40. g4 Kd6 41. Kc4 Kc6 42. Bd2 Bb6 43. Bc1 Bc7 1/2-1/2

[Event "Schleswig Holstein-ch Seniors op 11th"]
[Site "Buesum"]
[Date "2017.09.11"]
[Round "4"]
[White "Kienel, Norbert"]
[Black "Reinhold, Klaus"]
[Result "0-1"]
[WhiteElo "1837"]
[BlackElo "2008"]
[PlyCount "80"]
[EventDate "2017.09.08"]
[EventType "swiss"]
[EventRounds "9"]
[EventCountry "GER"]
[SourceTitle "EXT 2019"]
[Source "ChessBase"]
[SourceDate "2018.10.10"]
[SourceVersion "1"]
[SourceVersionDate "2018.10.10"]
[SourceQuality "1"]

1. d4 d5 2. c4 c6 3. e3 Nf6 4. Nc3 Bg4 5. Nf3 dxc4 6. Bxc4 e6 7. 0-0 Be7 8. e4 0-0 9. Be3 Nbd7 10. Rc1 Rc8 11. Bd3 e5 12. Qe2 exd4 13. Bxd4 Nc5 14. Bxc5 Bxc5 15. e5 Nd5 16. Rfd1 Qe7 17. Ne4 Nf4 18. Qc2 Bxf3 19. gxf3 Bb6 20. Ng3 Qh4 21. Bf5 Rcd8 22. Qe4 Bxf2+ 23. Kh1 Bxg3 24. Qc2 Rxd1+ 25. Rxd1 Nd5 26. Rg1 Bxe5 27. h3 Ne3 28. Qe4 Nxf5 29. Qxf5 Qf4 30. Qxf4 Bxf4 31. Rd1 Rc8 32. Rd7 Bc7 33. Kg2 Kf8 34. Kf1 Ke8 35. Rd3 Rd8 36. Ra3 Bb6 37. Rc3 Rd2 38. Rb3 Rh2 39. f4 Rf2+ 40. Ke1 Rxf4 0-1

[Event "Muensterland Regionalliga 1617"]
[Site "Germany"]
[Date "2017.04.08"]
[Round "8.4"]
[White "Reinhold, Klaus"]
[Black "Darwisch, Khaled"]
[Result "0-1"]
[WhiteElo "1886"]
[BlackElo "2035"]
[PlyCount "64"]
[EventDate "2016.09.17"]
[EventType "team"]
[EventRounds "9"]
[EventCountry "GER"]
[SourceTitle "EXT 2018"]
[Source "ChessBase"]
[SourceDate "2017.10.13"]
[SourceVersion "1"]
[SourceVersionDate "2017.10.13"]
[SourceQuality "1"]
[WhiteTeam "Gronau"]
[BlackTeam "Suedlohn"]
[WhiteTeamCountry "GER"]
[BlackTeamCountry "GER"]

1. d4 d6 2. c4 g6 3. Nc3 Bg7 4. e4 Nc6 5. Be3 e5 6. Nge2 Nge7 7. d5 Nb8 8. Nc1 f5 9. f3 0-0 10. Nd3 Nd7 11. c5 Nf6 12. Be2 h6 13. b4 g5 14. Nb2 Ng6 15. Qc2 fxe4 16. fxe4 Nh4 17. Rg1 Ng4 18. Bxg4 Bxg4 19. Bf2 Qf6 20. Nbd1 Bh5 21. Rb1 Rf7 22. Bg3 Raf8 23. Ne3 dxc5 24. bxc5 Qa6 25. Bxh4 gxh4 26. Nf5 Qc4 27. g4 hxg3 28. Rxg3 Rxf5 29. exf5 e4 30. Qg2 Kh8 31. Rxg7 Qxc3+ 32. Qd2 Qxg7 0-1

[Event "Muensterland Regionalliga 1617"]
[Site "Germany"]
[Date "2016.12.03"]
[Round "4.4"]
[White "Broemmel, Rudolf"]
[Black "Reinhold, Klaus"]
[Result "1-0"]
[WhiteElo "1910"]
[BlackElo "1886"]
[PlyCount "115"]
[EventDate "2016.09.17"]
[EventType "team"]
[EventRounds "9"]
[EventCountry "GER"]
[SourceTitle "EXT 2018"]
[Source "ChessBase"]
[SourceDate "2017.10.13"]
[SourceVersion "1"]
[SourceVersionDate "2017.10.13"]
[SourceQuality "1"]
[WhiteTeam "Raesfeld Erle"]
[BlackTeam "Gronau"]
[WhiteTeamCountry "GER"]
[BlackTeamCountry "GER"]

1. Nc3 e5 2. Nf3 Nc6 3. d4 exd4 4. Nxd4 Nf6 5. Nxc6 bxc6 6. g3 d5 7. Bg2 Bb4 8. Bd2 0-0 9. Na4 Qe7 10. 0-0 Re8 11. Re1 Bf5 12. Bxb4 Qxb4 13. c3 Qb5 14. Bf1 Qb8 15. b4 a5 16. a3 axb4 17. cxb4 Qa7 18. Nc5 Ne4 19. Nd3 Qd4 20. Qc1 Qf6 21. Qf4 Re7 22. h4 Nc3 23. Nc5 Nxe2+ 24. Bxe2 Rxe2 25. Rxe2 Qxa1+ 26. Kg2 Bh3+ 27. Kxh3 Qf1+ 28. Kh2 Qxe2 29. a4 Re8 30. Kg2 Qe5 31. Qd2 d4 32. a5 Qd5+ 33. Kh2 d3 34. Qxd3 Qxd3 35. Nxd3 Rb8 36. a6 Ra8 37. Nc5 Kf8 38. Kg2 Ke7 39. Kf3 Kd8 40. Ke4 Kc8 41. Kd4 Kb8 42. Nd7+ Ka7 43. Kc5 Kxa6 44. Kxc6 Re8 45. Nc5+ Ka7 46. Kxc7 Rb8 47. Nd3 Rb6 48. Kd7 Ka6 49. Ke7 Rf6 50. Kf8 Rf3 51. Ne5 Rxf2 52. Nxf7 Rf3 53. g4 Rf4 54. g5 g6 55. Kg7 Rxh4 56. Nh6 Rh5 57. Kf6 Kb5 58. Ng8 1-0

[Event "Hessen-ch Seniors op 12th"]
[Site "Bad Sooden-Allendorf"]
[Date "2016.05.06"]
[Round "7"]
[White "Reinhold, Klaus"]
[Black "Gebuhr, Guenter"]
[Result "1/2-1/2"]
[WhiteElo "2058"]
[BlackElo "1932"]
[PlyCount "82"]
[EventDate "2016.04.30"]
[EventType "swiss"]
[EventRounds "9"]
[EventCountry "GER"]
[SourceTitle "EXT 2019"]
[Source "ChessBase"]
[SourceDate "2018.10.10"]
[SourceVersion "1"]
[SourceVersionDate "2018.10.10"]
[SourceQuality "1"]

1. d4 Nf6 2. c4 e6 3. Nf3 b6 4. g3 Bb4+ 5. Bd2 Bxd2+ 6. Qxd2 Ba6 7. b3 d5 8. Bg2 0-0 9. Nc3 Bb7 10. 0-0 Nbd7 11. Rfd1 Ne4 12. Nxe4 dxe4 13. Ng5 Nf6 14. Qc2 Qe7 15. Nxe4 Nxe4 16. Bxe4 Bxe4 17. Qxe4 Rfd8 18. Rd2 Rab8 19. Rad1 Qb4 20. Qc6 Qd6 21. Qe4 Qb4 22. d5 exd5 23. Rxd5 Re8 24. Re5 Qf8 25. Rd7 Rxe5 26. Qxe5 Re8 27. Qxc7 Rxe2 28. Rd8 Re8 29. Rxe8 Qxe8 30. Kf1 Qa8 31. Qe5 Qh1+ 32. Ke2 g6 33. h4 Qb1 34. Qe8+ Kg7 35. Qe5+ Kg8 36. Qb8+ Kg7 37. Qxa7 Qe4+ 38. Kd1 Qd3+ 39. Kc1 Qf1+ 40. Kb2 Qxf2+ 41. Ka3 Qc5+ 1/2-1/2

[Event "Hessen-ch Seniors op 12th"]
[Site "Bad Sooden-Allendorf"]
[Date "2016.05.05"]
[Round "6"]
[White "Schrickx, Frank"]
[Black "Reinhold, Klaus"]
[Result "1/2-1/2"]
[WhiteElo "1903"]
[BlackElo "2058"]
[PlyCount "118"]
[EventDate "2016.04.30"]
[EventType "swiss"]
[EventRounds "9"]
[EventCountry "GER"]
[SourceTitle "EXT 2019"]
[Source "ChessBase"]
[SourceDate "2018.10.10"]
[SourceVersion "1"]
[SourceVersionDate "2018.10.10"]
[SourceQuality "1"]

1. e4 e5 2. Nf3 Nc6 3. Bb5 a6 4. Bxc6 dxc6 5. 0-0 Bg4 6. h3 h5 7. d3 Qf6 8. Nbd2 Ne7 9. Nc4 Bxf3 10. Qxf3 Qxf3 11. gxf3 Ng6 12. Kh2 Be7 13. Rg1 Bf6 14. Bg5 Ke7 15. Ne3 Rag8 16. Nf5+ Ke6 17. Bxf6 Kxf6 18. d4 exd4 19. Nxd4 c5 20. Nf5 Ne5 21. Kg2 g6 22. Ne3 c6 23. Rad1 Ke7 24. f4 Nd7 25. Nc4 Nf6 26. f3 Rd8 27. Ne5 Nd7 28. Nxd7 Rxd7 29. Rxd7+ Kxd7 30. Rd1+ Ke7 31. Kg3 f6 32. Rd2 Rf8 33. Kh4 g5+ 34. fxg5 fxg5+ 35. Kxg5 Rxf3 36. h4 Re3 37. Kxh5 Rxe4 38. Rf2 Re1 39. Kg6 Rg1+ 40. Kh6 c4 41. c3 b5 42. a3 a5 43. h5 c5 44. Kh7 b4 45. h6 bxc3 46. bxc3 Rg3 47. Rc2 Kd6 48. Kh8 Kc6 49. h7 Kb5 50. Rf2 Ka4 51. Rf8 Kxa3 52. Rg8 Rh3 53. Kg7 Kb3 54. h8Q Rxh8 55. Rxh8 Kxc3 56. Kf6 a4 57. Ke5 a3 58. Kd5 a2 59. Ra8 Kb2 1/2-1/2

[Event "Hessen-ch Seniors op 12th"]
[Site "Bad Sooden-Allendorf"]
[Date "2016.05.01"]
[Round "2"]
[White "Voeller, Lothar"]
[Black "Reinhold, Klaus"]
[Result "1/2-1/2"]
[WhiteElo "1758"]
[BlackElo "2058"]
[PlyCount "26"]
[EventDate "2016.04.30"]
[EventType "swiss"]
[EventRounds "9"]
[EventCountry "GER"]
[SourceTitle "EXT 2019"]
[Source "ChessBase"]
[SourceDate "2018.10.10"]
[SourceVersion "1"]
[SourceVersionDate "2018.10.10"]
[SourceQuality "1"]

1. c4 c6 2. Nc3 d5 3. cxd5 cxd5 4. d4 Nc6 5. g3 Nf6 6. Bg2 Bf5 7. Nf3 e6 8. a3 Be7 9. 0-0 0-0 10. e3 h6 11. Bd2 a6 12. Rc1 Na5 13. Ne5 Rc8 1/2-1/2

[Event "Hessen-ch Seniors op 12th"]
[Site "Bad Sooden-Allendorf"]
[Date "2016.04.30"]
[Round "1"]
[White "Reinhold, Klaus"]
[Black "Schwab, Wolfgang"]
[Result "1/2-1/2"]
[WhiteElo "2058"]
[BlackElo "1761"]
[PlyCount "93"]
[EventDate "2016.04.30"]
[EventType "swiss"]
[EventRounds "9"]
[EventCountry "GER"]
[SourceTitle "EXT 2019"]
[Source "ChessBase"]
[SourceDate "2018.10.10"]
[SourceVersion "1"]
[SourceVersionDate "2018.10.10"]
[SourceQuality "1"]

1. d4 Nf6 2. c4 c5 3. d5 b5 4. Nd2 d6 5. e4 g6 6. Ngf3 Bg7 7. cxb5 a6 8. b6 0-0 9. Qc2 Nbd7 10. Nc4 Nxb6 11. Bd2 Nxc4 12. Bxc4 Qb6 13. Bc3 Bg4 14. Nd2 Bd7 15. 0-0 Bb5 16. a4 Bxc4 17. Nxc4 Qb7 18. Na5 Qd7 19. Nc4 Rab8 20. Rfd1 Ng4 21. Bxg7 Kxg7 22. h3 Nh6 23. Na5 f6 24. Nc6 Rb6 25. Rab1 Qb7 26. b4 cxb4 27. Qc4 Rc8 28. Qd4 e5 29. Qe3 Nf7 30. Rdc1 Nd8 31. Na5 Rxc1+ 32. Qxc1 Qd7 33. Qc4 Nb7 34. Nc6 a5 35. Qe2 Nd8 36. Nxa5 Qxa4 37. Nc4 Ra6 38. Qb2 Nf7 39. Qxb4 Qxb4 40. Rxb4 g5 41. Rb7 Kg6 42. f3 Ra4 43. Ne3 Ra6 44. Nf5 h5 45. Rd7 h4 46. Ne7+ Kg7 47. Nf5+ 1/2-1/2

[Event "Muensterland Regionalliga 1516"]
[Site "Germany"]
[Date "2016.02.27"]
[Round "7.5"]
[White "Stegemann, Norbert"]
[Black "Reinhold, Klaus"]
[Result "0-1"]
[WhiteElo "1972"]
[BlackElo "1900"]
[PlyCount "94"]
[EventDate "2015.09.05"]
[EventType "team"]
[EventRounds "9"]
[EventCountry "GER"]
[SourceTitle "EXT 2017"]
[Source "ChessBase"]
[SourceDate "2016.10.25"]
[SourceVersion "1"]
[SourceVersionDate "2016.10.25"]
[SourceQuality "1"]
[WhiteTeam "Duelmen"]
[BlackTeam "Gronau"]
[WhiteTeamCountry "GER"]
[BlackTeamCountry "GER"]

1. c4 c6 2. g3 d5 3. Bg2 Nf6 4. Nf3 Bf5 5. 0-0 e6 6. b3 Be7 7. Bb2 Nbd7 8. d3 0-0 9. Nbd2 h6 10. Re1 Bh7 11. e4 a5 12. e5 Ne8 13. d4 a4 14. a3 axb3 15. Qxb3 Qb6 16. Re3 Qa7 17. cxd5 cxd5 18. Bc3 Nc7 19. Bb4 Bxb4 20. Qxb4 Rfc8 21. Bf1 Na6 22. Qb5 Rc7 23. Bd3 Bxd3 24. Rxd3 Nab8 25. Rb1 Qa4 26. Rdb3 Qxb5 27. Rxb5 b6 28. R5b3 Rc2 29. Ra1 Nc6 30. Kf1 Nxd4 31. Nxd4 Rxd2 32. Nf3 Rc2 33. Ne1 Rc4 34. Nd3 Nc5 35. Nxc5 bxc5 36. Rab1 Rca4 37. Rb8+ Rxb8 38. Rxb8+ Kh7 39. Rb3 c4 40. Rf3 Kg6 41. Ke2 f6 42. exf6 gxf6 43. Re3 e5 44. f4 d4 45. Rf3 d3+ 46. Ke3 Rxa3 47. Rf2 d2+ 0-1

[Event "Muensterland Regionalliga 1516"]
[Site "Germany"]
[Date "2016.01.30"]
[Round "6.5"]
[White "Reinhold, Klaus"]
[Black "Baumann, Stephan"]
[Result "1/2-1/2"]
[WhiteElo "1900"]
[BlackElo "2046"]
[PlyCount "123"]
[EventDate "2015.09.05"]
[EventType "team"]
[EventRounds "9"]
[EventCountry "GER"]
[SourceTitle "EXT 2017"]
[Source "ChessBase"]
[SourceDate "2016.10.25"]
[SourceVersion "1"]
[SourceVersionDate "2016.10.25"]
[SourceQuality "1"]
[WhiteTeam "Gronau"]
[BlackTeam "Muenster SK III"]
[WhiteTeamCountry "GER"]
[BlackTeamCountry "GER"]

1. d4 Nf6 2. c4 e5 3. dxe5 Ng4 4. Bf4 g5 5. Bg3 Nc6 6. Nf3 Bg7 7. e3 Ngxe5 8. Nxe5 Nxe5 9. Nc3 d6 10. c5 0-0 11. cxd6 cxd6 12. Be2 Be6 13. 0-0 f5 14. Bxe5 dxe5 15. e4 Qf6 16. Nd5 Qf7 17. Bh5 Qd7 18. Nc3 Rad8 19. Qe2 Qc6 20. Rfd1 Rd4 21. exf5 Bxf5 22. Rxd4 exd4 23. Bf3 Qd7 24. Qc4+ Kh8 25. Ne4 Qe7 26. Ng3 Bg6 27. Bh5 Qf6 28. Rf1 d3 29. Bxg6 Qxg6 30. b3 Rd8 31. Qc7 Qe8 32. Nf5 Rd7 33. Nxg7 Kxg7 34. Qc3+ Kg6 35. Rd1 Qe2 36. Qe1 Qxe1+ 37. Rxe1 Kf5 38. f3 g4 39. fxg4+ Kxg4 40. Kf2 Rf7+ 41. Ke3 Re7+ 42. Kd2 Rxe1 43. Kxe1 Kf4 44. Kd2 Ke4 45. g3 Kd4 46. h3 Ke4 47. g4 b6 48. a4 a5 49. g5 Kf4 50. Kxd3 Kxg5 51. Kc4 Kh4 52. Kb5 Kxh3 53. Kxb6 h5 54. Kxa5 h4 55. b4 Kg2 56. b5 h3 57. b6 h2 58. b7 h1Q 59. b8Q Qd1 60. Qb5 Qd8+ 61. Qb6 Qd7 62. Qb5 1/2-1/2

[Event "Muensterland Regionalliga 1516"]
[Site "Germany"]
[Date "2015.12.05"]
[Round "4.5"]
[White "Darwisch, Khaled"]
[Black "Reinhold, Klaus"]
[Result "1-0"]
[WhiteElo "2023"]
[BlackElo "1900"]
[PlyCount "113"]
[EventDate "2015.09.05"]
[EventType "team"]
[EventRounds "9"]
[EventCountry "GER"]
[SourceTitle "EXT 2017"]
[Source "ChessBase"]
[SourceDate "2016.10.25"]
[SourceVersion "1"]
[SourceVersionDate "2016.10.25"]
[SourceQuality "1"]
[WhiteTeam "Suedlohn"]
[BlackTeam "Gronau"]
[WhiteTeamCountry "GER"]
[BlackTeamCountry "GER"]

1. e4 e5 2. Nf3 Nc6 3. Bc4 Bc5 4. c3 Nf6 5. d3 a6 6. Bg5 0-0 7. Nbd2 d6 8. h3 Qe7 9. Qe2 Be6 10. Bd5 h6 11. Bh4 Ba7 12. g4 Nd8 13. g5 hxg5 14. Bxg5 c6 15. Bb3 Bxb3 16. axb3 Ne6 17. h4 Nf4 18. Bxf4 exf4 19. Ng5 Rfe8 20. Qf3 d5 21. Qxf4 dxe4 22. dxe4 Rad8 23. 0-0-0 Qc5 24. Rhf1 Rd3 25. Nc4 Bb8 26. Qf5 Qxf5 27. exf5 Rd5 28. Rxd5 Nxd5 29. Kd1 Nf4 30. Ne3 Nd3 31. Kd2 Nc5 32. b4 Ne4+ 33. Kd3 Nf6 34. Nc4 Bc7 35. Rg1 Nd5 36. Ne4 Nf4+ 37. Ke3 b5 38. Ncd2 Nd5+ 39. Kf3 Kf8 40. Nb3 Re5 41. Nd4 Bb6 42. Nc5 Bxc5 43. bxc5 Ne7 44. b4 Nxf5 45. Nxc6 Nxh4+ 46. Kf4 Re8 47. Ra1 Ng6+ 48. Kg3 Ra8 49. Nd4 Ne7 50. Nxb5 Nd5 51. Ra3 f5 52. Nd6 Nc7 53. Nxf5 Nb5 54. Rb3 Rd8 55. c4 Nd4 56. Nxd4 Rxd4 57. b5 1-0

[Event "Schleswig Holstein-ch Seniors op 9th"]
[Site "Buesum"]
[Date "2015.10.05"]
[Round "7"]
[White "Reinhold, Klaus"]
[Black "Hagermann, Hermann"]
[Result "1-0"]
[WhiteElo "2057"]
[BlackElo "1949"]
[PlyCount "45"]
[EventDate "2015.09.28"]
[EventType "swiss"]
[EventRounds "9"]
[EventCountry "GER"]
[SourceTitle "EXT 2018"]
[Source "ChessBase"]
[SourceDate "2017.10.13"]
[SourceVersion "1"]
[SourceVersionDate "2017.10.13"]
[SourceQuality "1"]

1. d4 Nf6 2. c4 e6 3. Nf3 c5 4. d5 b5 5. Bg5 exd5 6. cxd5 d6 7. Nbd2 Be7 8. e4 Bd7 9. Bf4 0-0 10. Be2 Na6 11. 0-0 c4 12. a4 Nc5 13. axb5 Bxb5 14. Nd4 a6 15. Bxc4 Ncxe4 16. Bxb5 axb5 17. Nc6 Rxa1 18. Qxa1 Qd7 19. Nxe4 Nxe4 20. Qe1 f5 21. f3 Bd8 22. fxe4 Bb6+ 23. Be3 1-0

[Event "Schleswig Holstein-ch Seniors op 9th"]
[Site "Buesum"]
[Date "2015.10.04"]
[Round "6"]
[White "Kaufmann, Helmut"]
[Black "Reinhold, Klaus"]
[Result "1/2-1/2"]
[WhiteElo "1959"]
[BlackElo "2057"]
[PlyCount "40"]
[EventDate "2015.09.28"]
[EventType "swiss"]
[EventRounds "9"]
[EventCountry "GER"]
[SourceTitle "EXT 2018"]
[Source "ChessBase"]
[SourceDate "2017.10.13"]
[SourceVersion "1"]
[SourceVersionDate "2017.10.13"]
[SourceQuality "1"]

1. d4 d5 2. e3 Nf6 3. Nf3 Bg4 4. Nbd2 e6 5. c3 c6 6. Bd3 Nbd7 7. Qc2 Bd6 8. 0-0 0-0 9. h3 Bxf3 10. Nxf3 e5 11. dxe5 Nxe5 12. Nxe5 Bxe5 13. e4 dxe4 14. Bxe4 Nxe4 15. Qxe4 Re8 16. Qf3 Qc7 17. Be3 Rad8 18. Rfd1 a6 19. Rxd8 Rxd8 20. Rd1 Rxd1+ 1/2-1/2

[Event "Schleswig Holstein-ch Seniors op 9th"]
[Site "Buesum"]
[Date "2015.10.02"]
[Round "5"]
[White "Reinhold, Klaus"]
[Black "Bullert, Wolfgang"]
[Result "1/2-1/2"]
[WhiteElo "2057"]
[BlackElo "1923"]
[PlyCount "58"]
[EventDate "2015.09.28"]
[EventType "swiss"]
[EventRounds "9"]
[EventCountry "GER"]
[SourceTitle "EXT 2018"]
[Source "ChessBase"]
[SourceDate "2017.10.13"]
[SourceVersion "1"]
[SourceVersionDate "2017.10.13"]
[SourceQuality "1"]

1. d4 f5 2. Bg5 a6 3. Nc3 d5 4. e3 c6 5. h4 h6 6. Bf4 Nf6 7. Be5 Be6 8. Bxf6 exf6 9. Bd3 Rg8 10. Nge2 Bd6 11. g3 Nd7 12. Nf4 Bxf4 13. gxf4 Qe7 14. Qf3 0-0-0 15. 0-0-0 g5 16. hxg5 hxg5 17. Ne2 Qd6 18. Rh6 g4 19. Qg2 c5 20. c3 c4 21. Bc2 b5 22. Ng3 b4 23. Bxf5 bxc3 24. Bxe6 cxb2+ 25. Kb1 Qxe6 26. Rd2 Kc7 27. Rxb2 Qd6 28. Rh5 Nb6 29. Rh7+ Rd7 1/2-1/2

[Event "Schleswig Holstein-ch Seniors op 9th"]
[Site "Buesum"]
[Date "2015.09.30"]
[Round "3"]
[White "Reinhold, Klaus"]
[Black "Josting, Friedel"]
[Result "1-0"]
[WhiteElo "2057"]
[BlackElo "1942"]
[PlyCount "53"]
[EventDate "2015.09.28"]
[EventType "swiss"]
[EventRounds "9"]
[EventCountry "GER"]
[SourceTitle "EXT 2018"]
[Source "ChessBase"]
[SourceDate "2017.10.13"]
[SourceVersion "1"]
[SourceVersionDate "2017.10.13"]
[SourceQuality "1"]

1. d4 Nf6 2. c4 e6 3. Nf3 c5 4. d5 exd5 5. cxd5 d6 6. Nc3 g6 7. Bf4 Bg7 8. Qa4+ Kf8 9. h3 Kg8 10. e3 Qe7 11. Nd2 Nbd7 12. Nc4 Ne8 13. Nb5 Be5 14. Bxe5 dxe5 15. d6 Qd8 16. 0-0-0 Kg7 17. Be2 f5 18. Rd2 Rf8 19. Rhd1 a6 20. Nc7 Nxc7 21. dxc7 Qf6 22. Rxd7+ Bxd7 23. Rxd7+ Rf7 24. Rxf7+ Qxf7 25. Nb6 Rc8 26. Nxc8 Qxc7 27. Qe8 1-0